000 01028nam a2200313 i 4500
003 EG-GICUC
005 20260228093147.0
008 260228s1966 ne fr|||| 001 0 eng d
040 _aEG-GiCUC
_beng
_cEG-GiCUC
_dEG-GiCUC
_erda
041 0 _aeng
082 0 4 _221
_a341.71051
_bCH . C
092 0 4 _221
099 _aLaw1 11 341.71051 CH . C 1966
100 1 _aChen, Yung Ping
_eAuthor.
245 1 0 _aChinese Political Thought /
_cYung Ping Chen, Mao Tse-tung, And Liu Shao-chi.
264 1 _aThe Hague :
_bMartinus Nijhoff,
_c1966.
300 _a118 pages,
_c24 cm
336 _2rda content
_atext
337 _2rda media
_aComputer
338 _2rda carrier
_aOnline Resource
504 _aIncludes bibliographical references and index.
546 _aText in English
650 1 4 _aPublic international law
700 1 _aTse-tung, Mao
_ejoint author.
700 1 _aShao-chi, Liu
_ejoint author.
856 4 0 _uhttps://fll.law.cu.edu.eg/fulltext/bks/B11-08378.pdf
905 _a48
942 _2ddc
_cBK
_e21
_n0
999 _c64348
_d64348